000 00403nam a22001697a 4500
005 20180522124924.0
008 160614b xxu||||| |||| 00| 0 eng d
020 _a81-203-0893-X
041 _aeng
082 _b7491
_a519.5
100 _aLevin, Richard I & Rubin, David s.
_91904
245 _aStatistics for Management
260 _bPHI
300 _a918
650 _aManagement
_9241
942 _cBK
999 _c2679
_d2678